Leveraging Best Practices in Organisation: (Record no. 185932)

MARC details
000 -LEADER
fixed length control field 00705nam a22002057a 4500
005 - DATE AND TIME OF LATEST TRANSACTION
control field 20220211104328.0
010 ## - LCCN (DPL NO)
LC control number ENG-131523
020 ## - INTERNATIONAL STANDARD BOOK NUMBER
International Standard Book Number 9789381208960
Terms of availability 500.00
035 ## - SYSTEM CONTROL NUMBER
System control number EN-115055
037 ## - SOURCE OF ACQUISITION
Source of stock number/acquisition DBAD
082 ## - DEWEY DECIMAL CLASSIFICATION NUMBER
Classification number 658.5038
245 ## - TITLE STATEMENT
Title Leveraging Best Practices in Organisation:
Statement of responsibility, etc Edited by Nirmala Mohan, T. Shirley Devakirubai, N. Sorna Kumari
Remainder of title Creating Business Value/
260 ## - PUBLICATION, DISTRIBUTION, ETC. (IMPRINT)
Place of publication, distribution, etc Chennai
Name of publisher, distributor, etc G.K. Publisher
Date of publication, distribution, etc 2018
270 ## - ADDRESS
Address # 16, M.R.M. Road, C.A.R. Complex, West Tambaram
City Chennai
Postal code 600045
300 ## - PHYSICAL DESCRIPTION
Extent viii, 206p.
Dimensions 24cm(pbk)
700 ## - ADDED ENTRY--PERSONAL NAME
Personal name Mohan, Nirmala
700 ## - ADDED ENTRY--PERSONAL NAME
Personal name Devakirubai, T. Shirley
700 ## - ADDED ENTRY--PERSONAL NAME
Personal name Kumari, N. Sorna
942 ## - ADDED ENTRY ELEMENTS (KOHA)
Source of classification or shelving scheme Dewey Decimal Classification
Item type English Books
Classification part 658.5038
Call number suffix LEV
Holdings
Withdrawn status Lost status Not for loan Collection code Home library Current library Date acquired Source of acquisition Cost, normal purchase price Full call number Barcode Copy number Cost, replacement price Koha item type
      Non-fiction Bawana Bawana 11/02/2022 DBAD/PUB 500.00 658.5038 LEV EN-115055 1 500.00 English Books

© Delhi Public Library
Hit Counter
free hit counter